<?xml version="1.0" encoding="UTF-8"?>
<record
    xmlns:xsi="http://www.w3.org/2001/XMLSchema-instance"
    xsi:schemaLocation="http://www.loc.gov/MARC21/slim http://www.loc.gov/standards/marcxml/schema/MARC21slim.xsd"
    xmlns="http://www.loc.gov/MARC21/slim">

  <leader>00614nam a22001931i 4500</leader>
  <controlfield tag="001">21504</controlfield>
  <datafield tag="090" ind1=" " ind2=" ">
    <subfield code="a">21504</subfield>
  </datafield>
  <datafield tag="010" ind1=" " ind2=" ">
    <subfield code="a">9789724236988</subfield>
  </datafield>
  <datafield tag="100" ind1=" " ind2=" ">
    <subfield code="a">20170304u        u  u0frey50      ba</subfield>
  </datafield>
  <datafield tag="101" ind1="0" ind2=" ">
    <subfield code="a">por</subfield>
  </datafield>
  <datafield tag="200" ind1="1" ind2=" ">
    <subfield code="f">Nick Denchfield</subfield>
    <subfield code="a">O capit&#xE3;o Vil e o seu navio pirata</subfield>
  </datafield>
  <datafield tag="215" ind1=" " ind2=" ">
    <subfield code="a">[10] p.</subfield>
    <subfield code="c">muito il.</subfield>
    <subfield code="d">25 cm</subfield>
  </datafield>
  <datafield tag="300" ind1=" " ind2=" ">
    <subfield code="a">Livro a 3 dimens&#xF5;es </subfield>
  </datafield>
  <datafield tag="702" ind1=" " ind2="1">
    <subfield code="a">Brito</subfield>
    <subfield code="b">Jo&#xE3;o</subfield>
    <subfield code="4">730</subfield>
    <subfield code="9">4955</subfield>
  </datafield>
  <datafield tag="702" ind1=" " ind2="1">
    <subfield code="a">Cox</subfield>
    <subfield code="b">Steve</subfield>
    <subfield code="4">440</subfield>
  </datafield>
  <datafield tag="700" ind1=" " ind2="1">
    <subfield code="a">Denchfield</subfield>
    <subfield code="b">Nick</subfield>
    <subfield code="4">070</subfield>
  </datafield>
  <datafield tag="210" ind1=" " ind2=" ">
    <subfield code="c">C&#xED;rculo de Leitores</subfield>
    <subfield code="a">Lisboa</subfield>
    <subfield code="d">2006</subfield>
  </datafield>
  <datafield tag="996" ind1=" " ind2=" ">
    <subfield code="f">0030942</subfield>
    <subfield code="k">DEN Inf</subfield>
    <subfield code="m">00000000</subfield>
    <subfield code="n">00000000</subfield>
    <subfield code="a">BMVAAL</subfield>
    <subfield code="b">3</subfield>
    <subfield code="v">Alc&#xE1;&#xE7;ovas</subfield>
    <subfield code="x">Literatura Infantil</subfield>
    <subfield code="y">35</subfield>
    <subfield code="e">Livro</subfield>
    <subfield code="1">6</subfield>
  </datafield>
  <datafield tag="990" ind1=" " ind2=" ">
    <subfield code="c">LIVROS</subfield>
  </datafield>
  <datafield tag="995" ind1=" " ind2=" ">
    <subfield code="0">0</subfield>
    <subfield code="1">0</subfield>
    <subfield code="9">29589</subfield>
    <subfield code="b">BMVAAL</subfield>
    <subfield code="d">BMVAAL</subfield>
    <subfield code="f">0018180</subfield>
    <subfield code="k">8 DEN </subfield>
    <subfield code="m">2021-10-26</subfield>
    <subfield code="o">0</subfield>
    <subfield code="r">LIVROS</subfield>
    <subfield code="u">6-10 anos</subfield>
  </datafield>
</record>
